Central Library OPAC University of Rajshahi

Breeding birds of Kashmir / (Record no. 13291)

MARC details
000 -LEADER
fixed length control field 00967nam a2200265 a 4500
001 - CONTROL NUMBER
control field 13291
003 - CONTROL NUMBER IDENTIFIER
rucl marc code BD-RjUL
005 - DATE AND TIME OF LATEST TRANSACTION
control field 20211208235431.0
008 - FIXED-LENGTH DATA ELEMENTS--GENERAL INFORMATION
fixed length control field 140130s1952 enkabf b 001 0 eng
035 ## - SYSTEM CONTROL NUMBER
System control number (BD-RjUL)13342
System control number (OCoLC)27792723
040 ## - CATALOGING SOURCE
Original cataloging agency DLC
Transcribing agency NAlU
Modifying agency BD-RjU
Language of cataloging eng
041 ## - LANGUAGE CODE
Language code of text/sound track or separate title eng
082 ## - DEWEY DECIMAL CLASSIFICATION NUMBER
Classification number 598.29546
Author mark and year BAB 1952
Edition number 23
100 1# - MAIN ENTRY--PERSONAL NAME
Personal name Bates, R. S. P.
Fuller form of name (Richard Sydney Patrick),
Dates associated with a name 1897-
9 (RLIN) 41386
245 10 - TITLE STATEMENT
Title Breeding birds of Kashmir /
Statement of responsibility, etc. R.S.P. Bates and E.H.N. Lowther ; illustrated with 151 photographs by the author and 5 coloured plates by D.V. Cowen.
260 ## - PUBLICATION, DISTRIBUTION, ETC. (IMPRINT)
Place of publication, distribution, etc. Geoffrey Cumberlege :
Name of publisher, distributor, etc. Oxford University Press,
Date of publication, distribution, etc. 1952.
300 ## - PHYSICAL DESCRIPTION
Pagination xxiii, 367 p. :
Illustrations ill. ;
Size 22 cm.
500 ## - GENERAL NOTE
General note Maps on lining papers.
504 ## - BIBLIOGRAPHY, ETC. NOTE
Bibliography, etc Includes bibliographical references (p. 1) and index.
650 #0 - SUBJECT ADDED ENTRY--TOPICAL TERM
Topical term or geographic name as entry element Birds
Geographic subdivision Kashmir.
9 (RLIN) 41387
700 1# - ADDED ENTRY--PERSONAL NAME
Personal name Lowther, E. H. N.
Fuller form of name (Ernest Herbert Newton),
Dates associated with a name 1890-
942 ## - ADDED ENTRY ELEMENTS (KOHA)
Source of classification or shelving scheme Dewey Decimal Classification
Koha item type Books
Holdings
Lost status Source of classification or shelving scheme Damaged status Not for loan Collection code Permanent Location Current Location Shelving location Date acquired Source of acquisition Total Checkouts Full call number Date last seen Copy number Koha item type Cost, normal purchase price
  Dewey Decimal Classification   Not For Loan Non-fiction Central Library, University of Rajshahi Central Library, University of Rajshahi Reading Room 11/02/1970 Zeitlinger   598.29546 BAB 1952 30/01/2014 C-1 Books  
  Dewey Decimal Classification     Non-fiction Central Library, University of Rajshahi Central Library, University of Rajshahi   04/03/1964 Zeitlinger   598.29546 BAB 1952 04/06/2017 C-2 Books 38.00